000 00633cam a2200205 a 4500
001 15974416
005 20250414193023.0
008 091105s2011 caua b 001 0 eng
020 _a9781412970440 (pbk.)
050 0 0 _aH62
_b.M277 2011
082 0 0 _a300.72
_222
100 1 _aMarshall, Catherine,
_d1946-
245 1 0 _aDesigning qualitative research /
_cCatherine Marshall, Gretchen B. Rossman.
250 _a5th ed.
260 _aLos Angeles :
_bSage,
_cc2011.
300 _axxii, 321 p. :
_bill. ;
_c23 cm.
650 0 _aSocial sciences
_xResearch
_xMethodology.
700 1 _aRossman, Gretchen B.
942 _2lcc
_cBK
_e5th Ed.
_n0
999 _c5481
_d5481